000 00430nam a2200157 i 4500
001 35948
003 ES-MaACL
005 20230906155244.0
007 t|
008 030214s1912 fr ||||1| fre d
100 1 _aBourdeau, Jean.
_930955
245 1 3 _aLa Philosophie affective /
_cpar J. Bourdeau.
260 _aParĂ­s :
_b[s.n.,
_c1912] (
_eCoulommiers :
_fBrodard)
300 _a180 p. ;
_c19 cm.
852 _aES-MaACL
_jF-12117
999 _c35948
_d35948